UM Logo

Total suppression of high-frequency transient oscillations in dual-active-bridge series-resonant converter by trajectory-switching modulation / (Record no. 19405)

MARC details
000 -LEADER
fixed length control field 00967nam a22002177a 4500
003 - CONTROL NUMBER IDENTIFIER
control field OSt
005 - DATE AND TIME OF LATEST TRANSACTION
control field 20250916090355.0
008 - FIXED-LENGTH DATA ELEMENTS--GENERAL INFORMATION
fixed length control field 240228b ||||| |||| 00| 0 eng d
040 ## - CATALOGING SOURCE
Transcribing agency 0
082 ## - DEWEY DECIMAL CLASSIFICATION NUMBER
Classification number DPer 621.317 Ie21 June 2022 v. 37 n. 6
100 ## - MAIN ENTRY--PERSONAL NAME
Personal name Sun, Chuan.
Relator term author.
9 (RLIN) 53536
245 ## - TITLE STATEMENT
Title Total suppression of high-frequency transient oscillations in dual-active-bridge series-resonant converter by trajectory-switching modulation /
Statement of responsibility, etc. Chuan Sun, Xingyue Jiang, Lingling Cao, and K. H. Loo.
260 ## - PUBLICATION, DISTRIBUTION, ETC. (IMPRINT)
Place of publication, distribution, etc. New York ;
Name of publisher, distributor, etc. The Institute of Electrical and Electronics Engineers, Inc. ,
Date of publication, distribution, etc. June 2022.
300 ## - PHYSICAL DESCRIPTION
Extent Volume 37, pages 6511-6529 :
Other physical details illustration ;
Dimensions 29 cm.
500 ## - GENERAL NOTE
General note IEEE Transactions on Power Electronics, vol. 37, no. 6, pages 6511-6529, June 2022.
700 ## - ADDED ENTRY--PERSONAL NAME
Personal name Sun, Chuan.
Relator term author.
9 (RLIN) 53536
700 ## - ADDED ENTRY--PERSONAL NAME
Personal name Jiang, Xingyue.
Relator term author.
9 (RLIN) 53537
700 ## - ADDED ENTRY--PERSONAL NAME
Personal name Cao, Lingling.
Relator term author.
9 (RLIN) 53538
700 ## - ADDED ENTRY--PERSONAL NAME
Personal name Loo, K. H.
Relator term author.
9 (RLIN) 53539
942 ## - ADDED ENTRY ELEMENTS (KOHA)
Source of classification or shelving scheme Dewey Decimal Classification
Koha item type Periodicals
Holdings
Withdrawn status Lost status Source of classification or shelving scheme Damaged status Not for loan Collection code Home library Current library Date acquired Total Checkouts Full call number Date last seen Price effective from Koha item type Public note
    Dewey Decimal Classification     Periodicals UM Digos College - LIC UM Digos College - LIC 02/28/2024   DPer 621.317 Ie21 June 2022 v.37 n. 6 02/28/2024 02/28/2024 Periodicals Periodical Article